[Event "Steyr Landesliga 1920"]
[Site "Austria"]
[Date "2019.11.16"]
[Round "4.8"]
[White "Knapp, Klemens"]
[Black "Wendl, Philipp"]
[Result "0-1"]
[WhiteElo "1285"]
[BlackElo "1763"]
[PlyCount "66"]
[EventDate "2019.09.28"]
[EventType "team-tourn"]
[EventRounds "11"]
[EventCountry "AUT"]
[SourceTitle "CBM 193 Extra"]
[Source "ChessBase"]
[SourceDate "2020.01.31"]
[SourceVersion "1"]
[SourceVersionDate "2020.01.31"]
[SourceQuality "1"]
[WhiteTeam "Krieglach Windheimat"]
[BlackTeam "Graz Schachfreunde"]
[WhiteTeamCountry "AUT"]
[BlackTeamCountry "AUT"]

1. d4 d5 2. c4 dxc4 3. e3 e5 4. Bxc4 exd4 5. exd4 Bb4+ 6. Nc3 Qe7+ 7. Nge2 Nf6 8. a3 Bd6 9. Bg5 Be6 10. Nd5 Bxd5 11. Bxd5 c6 12. Bb3 a6 13. Bh4 Nbd7 14. 0-0 0-0 15. Re1 Qd8 16. Nc3 Qc7 17. Bg3 Bxg3 18. hxg3 Nb6 19. Ne4 Nbd5 20. Nxf6+ Nxf6 21. Qf3 Rad8 22. Rad1 Qb6 23. Re7 Nd5 24. Bxd5 Rxd5 25. b4 a5 26. bxa5 Qb2 27. Rd3 Rxa5 28. Rb3 Qa1+ 29. Kh2 b5 30. Qxc6 b4 31. Qf3 bxa3 32. Re2 a2 33. Qd3 Rh5# 0-1